Structural econometric models /

Bibliographic Details
Other Authors: Choo, Eugene., Shum, Matthew.
Format: eBook
Language:English
Published: Bingley, United Kingdom : Emerald, 2013.
Edition:First edition.
Series:Advances in econometrics ; v. 31.
Subjects:
Online Access:Click to View
LEADER 01838nam a2200433 i 4500
001 EBC1593400
003 MiAaPQ
005 20200520144314.0
006 m o d |
007 cr cnu||||||||
008 140114s2013 enk ob 000 0 eng|d
020 |z 9781783500529 
020 |a 9781783500536  |q (electronic bk.) 
035 |a (MiAaPQ)EBC1593400 
035 |a (Au-PeEL)EBL1593400 
035 |a (CaPaEBR)ebr10825574 
035 |a (CaONFJC)MIL560374 
035 |a (OCoLC)867819223 
040 |a MiAaPQ  |b eng  |e rda  |e pn  |c MiAaPQ  |d MiAaPQ 
050 4 |a HB141  |b .S77 2013 
245 0 0 |a Structural econometric models /  |c edited by Eugene Choo, University of Calgary, Calgray, Canada, Matthew Shum, California Institute of Technology, Pasadena, CA, USA. 
250 |a First edition. 
264 1 |a Bingley, United Kingdom :  |b Emerald,  |c 2013. 
300 |a 1 online resource (447 pages). 
336 |a text  |2 rdacontent 
337 |a computer  |2 rdamedia 
338 |a online resource  |2 rdacarrier 
490 1 |a Advances in econometrics,  |x 0731-9053 ;  |v volume 31 
504 |a Includes bibliographical references. 
505 0 |a part I. Structural dynamic models -- part II. Structural models of games -- part III. Applications of structural economic models. 
588 |a Description based on online resource; title from PDF title page (ebrary, viewed January 14, 2014). 
590 |a Electronic reproduction. Ann Arbor, MI : ProQuest, 2015. Available via World Wide Web. Access may be limited to ProQuest affiliated libraries. 
650 0 |a Econometric models. 
655 4 |a Electronic books. 
700 1 |a Choo, Eugene. 
700 1 |a Shum, Matthew. 
797 2 |a ProQuest (Firm) 
830 0 |a Advances in econometrics ;  |v v. 31. 
856 4 0 |u https://ebookcentral.proquest.com/lib/matrademy/detail.action?docID=1593400  |z Click to View